000 00748nam a2200241Ia 4500
003 OSt
005 20220927105206.0
006 a|||||r|||| 00| 0
007 ta
008 220926b |||||||| |||| 00| 0 eng d
024 _a159753
037 _cReference Collections
040 _aRTL
_cRTL
_beng
041 _2eng
_aeng
082 _a"X71.211.N63, K3"
110 _aMADRAS (Govt of-)
_9370766
245 0 _aDetailed budget estimates for the year 1963-64
_b" Agriculture, fisheries, animal husbandry and forests"
260 _aMadras
_bGovt. press
_c1963
300 _a378p
_ccm.
700 _aMADRAS (Govt of-)
_9370767
942 _h"X71.211.N63, K3"
_cCC
999 _c691074
_d691074